000 00789cab a2200241 4500
001 WB3333-25
008 090401t1997 xxu||||| |||| 00| 0 eng d
035 _a(Sirsi) u80580
041 _aeng
245 _aRates and yields affect property lending market
260 _c1997
350 _a0
490 _aProperty Week
_v60(10) 29 August 1997, 9(1)
520 _aContinuing interest rate rises and a downward pressure on yields has meant that sustainable loans to value have dropped, according to the latest Kingfisher/Property Week Index.
650 _aINTEREST RATES
650 _aKINGFISHER INDEX
650 _aPROPERTY LENDING
650 _aPROPERTY LOANS
650 _aYIELDS
690 _aPROPERTY-PROPERTY FINANCE AND INVESTMENT
942 _n0
948 _c29/08/1997
999 _c50724
_d50724